书目信息 |
| 题名: |
清明上河图
|
|
| 作者: | 张择端 绘 | |
| 分册: | ||
| 出版信息: | 北京 人民美术出版社 1990 |
|
| 页数: | 1轴 | |
| 开本: | 30cm | |
| 丛书名: | ||
| 单 册: | ||
| 中图分类: | J222.49 | |
| 科图分类: | ||
| 主题词: | 绘画--中国 | |
| 电子资源: | ||
| ISBN: | 7-102-00734-5 | |
| 000 | 00555nam0 2200193 45 | |
| 001 | 0402261967 | |
| 005 | 20160425150318.06 | |
| 010 | @a7-102-00734-5@dCNY500.00 | |
| 100 | @a20040226d km y0chiy0120 ea | |
| 101 | 0 | @achi |
| 105 | @a z 000yy | |
| 200 | 1 | @a清明上河图@AQing Ming Shang He Tu@f(宋)张择端绘@F(song)zhang ze duan hui |
| 210 | @a北京@c人民美术出版社@d1990 | |
| 215 | @a1轴@d30cm | |
| 606 | 0 | @a绘画@x中国 |
| 690 | @aJ222.49@v3 | |
| 701 | 0 | @a张择端@Azhang ze duan@4绘 |
| 801 | @aCN@bPftUser@c20040226 | |
| 905 | @f1@b262472@dJ222.49@e110 | |
| 清明上河图/(宋)张择端绘.-北京:人民美术出版社,1990 |
| 1轴;30cm |
| ISBN 7-102-00734-5:CNY500.00 |
| ● |
| 相关链接 |
|
|
|
|
正题名:清明上河图
索取号:J222.49/110
 
预约/预借
| 序号 | 登录号 | 条形码 | 馆藏地/架位号 | 状态 | 备注 |
| 1 | 0262472 | 001898959 | 古籍典藏专区/ [索取号:J222.49/110] | 在馆 |